| 000 | 01377nam a2200241Ia 4500 | ||
|---|---|---|---|
| 999 |
_c50932 _d50932 |
||
| 001 | 17887 | ||
| 003 | GE_BSU | ||
| 005 | 20200227154903.0 | ||
| 008 | 181216s1986ge xx |||||||||||||| ||geo|| | ||
| 040 | _cGE_BSU | ||
| 041 | _ageo | ||
| 080 | _a821.353.1–13 რ–93 | ||
| 100 |
_aრუსთაველი, შოთა. _93634 |
||
| 245 |
_aვეფხისტყაოსანი : _bპოემა / _cრუსთაველი შოთა ; ტექსტი გამოსაც. მოამზ.შესავ. განმარტებანი,კომენტ. და ლიტერ. გარჩევა დაურთო ნ. ნათაძემ. რედ. ალ. ჯინჭარაული. |
||
| 264 |
_aთბილისი : _bგანათლება, _c1986. |
||
| 300 |
_a549 გვ.: _c22 სმ. |
||
| 653 | _aვეფხისტყაოსანი | ||
| 653 | _aპოემა | ||
| 653 | _aქართული ლიტერატურა | ||
| 700 |
_aნათაძე, ნ _eტექსტი გამოსაცემად მოამზ.შესავ.განმარტებანი კომენტ. და ლიტერ. გარჩევა დაურთო _93704 |
||
| 700 |
_aჯინჭარაული, ალ _eრედაქტორი _97569 |
||
| 942 |
_cBK _2udc |
||